Country Full Names #1 - Statistics

General Stats
  • This quiz has been taken 159 times
    147 since last reset
  • The average score is 19 of 33
Answer Stats
Hint Answer % Correct
Kingdom
99%
U.K United
99%
DRC Democratic
87%
Of
86%
Republic
86%
Congo
84%
Of
83%
The
79%
Micronesia
76%
Of
75%
States
73%
Micronesia Federated
70%
Great
68%
And
66%
Britain
66%
Ireland
61%
Northern
60%
Korea
59%
Macedonia
59%
Of
55%
Republic
54%
North Korea Democratic
53%
Of
50%
People's
48%
Republic
46%
Macedonia Former
37%
Yugoslav
36%
Kiribati
34%
Of
28%
Republic
24%
and
2%
Kiribati Independant
1%
Sovereign
1%
No matching quizzes found
Score Distribution
Percent of People with Each Score
Percentile by Number Answered
Your Score History
You have not taken this quiz since the last reset